<?xml version="1.0" encoding="UTF-8"?>
<record
    xmlns:xsi="http://www.w3.org/2001/XMLSchema-instance"
    xsi:schemaLocation="http://www.loc.gov/MARC21/slim http://www.loc.gov/standards/marcxml/schema/MARC21slim.xsd"
    xmlns="http://www.loc.gov/MARC21/slim">

  <leader>04719namaa22004451i 4500</leader>
  <controlfield tag="003">EG-GICUC</controlfield>
  <controlfield tag="005">20260426141318.0</controlfield>
  <controlfield tag="008">260426s2025    ua a|||frm||| 000 0 eng d</controlfield>
  <datafield tag="040" ind1=" " ind2=" ">
    <subfield code="a">EG-GICUC</subfield>
    <subfield code="b">eng</subfield>
    <subfield code="c">EG-GICUC</subfield>
    <subfield code="d">EG-GICUC</subfield>
    <subfield code="e">rda</subfield>
  </datafield>
  <datafield tag="041" ind1="0" ind2=" ">
    <subfield code="a">eng</subfield>
    <subfield code="b">eng</subfield>
    <subfield code="b">ara</subfield>
  </datafield>
  <datafield tag="049" ind1=" " ind2=" ">
    <subfield code="a">Deposit</subfield>
  </datafield>
  <datafield tag="082" ind1="0" ind2="4">
    <subfield code="a">615.19</subfield>
  </datafield>
  <datafield tag="092" ind1=" " ind2=" ">
    <subfield code="a">615.19</subfield>
    <subfield code="2">21</subfield>
  </datafield>
  <datafield tag="097" ind1=" " ind2=" ">
    <subfield code="a">M.Sc</subfield>
  </datafield>
  <datafield tag="099" ind1=" " ind2=" ">
    <subfield code="a">Cai01.8.04.M.Sc.2025.Mi.D</subfield>
  </datafield>
  <datafield tag="100" ind1="0" ind2=" ">
    <subfield code="a">Michael Medhat Sawiris,</subfield>
    <subfield code="e">preparation.</subfield>
  </datafield>
  <datafield tag="245" ind1="1" ind2="0">
    <subfield code="a">Design, synthesis and evaluation of novel pyrazoline derivatives as anticancer agents /</subfield>
    <subfield code="c">by Michael Medhat Sawiris ; Supervision Prof. Dr. Omneya Mahmoud Khalil, Prof. Dr. Peter Amir Halim, Prof. Dr. Marwa Sobhy Ahmed. </subfield>
  </datafield>
  <datafield tag="246" ind1="1" ind2="5">
    <subfield code="a">&#x62A;&#x635;&#x645;&#x64A;&#x645; &#x648;&#x62A;&#x634;&#x64A;&#x64A;&#x62F; &#x648;&#x62A;&#x642;&#x64A;&#x64A;&#x645; &#x645;&#x634;&#x62A;&#x642;&#x627;&#x62A; &#x628;&#x64A;&#x631;&#x627;&#x632;&#x648;&#x644;&#x64A;&#x646; &#x62C;&#x62F;&#x64A;&#x62F;&#x629; &#x643;&#x645;&#x636;&#x627;&#x62F;&#x627;&#x62A; &#x644;&#x644;&#x633;&#x631;&#x637;&#x627;&#x646;</subfield>
  </datafield>
  <datafield tag="264" ind1=" " ind2="0">
    <subfield code="c">2025.</subfield>
  </datafield>
  <datafield tag="300" ind1=" " ind2=" ">
    <subfield code="a">162 pages : </subfield>
    <subfield code="b">illustrations ;</subfield>
    <subfield code="c">25 cm. + </subfield>
    <subfield code="e">CD.</subfield>
  </datafield>
  <datafield tag="336" ind1=" " ind2=" ">
    <subfield code="a">text</subfield>
    <subfield code="2">rda content</subfield>
  </datafield>
  <datafield tag="337" ind1=" " ind2=" ">
    <subfield code="a">Unmediated</subfield>
    <subfield code="2">rdamedia</subfield>
  </datafield>
  <datafield tag="338" ind1=" " ind2=" ">
    <subfield code="a">volume</subfield>
    <subfield code="2">rdacarrier</subfield>
  </datafield>
  <datafield tag="502" ind1=" " ind2=" ">
    <subfield code="a">Thesis (M.Sc)-Cairo University, 2025.</subfield>
  </datafield>
  <datafield tag="504" ind1=" " ind2=" ">
    <subfield code="a">Bibliography: pages 158-160. </subfield>
  </datafield>
  <datafield tag="520" ind1=" " ind2="3">
    <subfield code="a">This thesis is composed of three chapters in addition to a summary and conclusion in English and in Arabic. The first chapter serves as a general introduction that gives a brief about the relationship between RTKs and cancer progression and highlights the potential of pyrazole derivatives as effective RTK inhibitors. The second chapter is a review article titled: &#x201C;From Lab to Target: Pyrazole, Pyrazoline and Fused Pyrazole Derivatives as Receptor Tyrosine Kinase Inhibitors in Cancer Therapy&#x201D; that reviews recent studies on pyrazole derivatives and related compounds that inhibit several RTKs, outlining their biological activities, structure&#x2013;activity relationships and synthetic approaches. The third chapter, a research article titled: &#x201C;Design, synthesis and biological evaluation of novel pyrazoline derivatives as dual EGFR/VEGFR-2 inhibitors for targeted cancer therapy&#x201D; is an experimental chapter that describes the design and synthesis of novel pyrazoline derivatives aimed at simultaneously blocking EGFR and VEGFR2 kinases.</subfield>
  </datafield>
  <datafield tag="520" ind1=" " ind2="3">
    <subfield code="a">&#x62A;&#x62A;&#x643;&#x648;&#x651;&#x646; &#x647;&#x630;&#x647; &#x627;&#x644;&#x631;&#x633;&#x627;&#x644;&#x629; &#x645;&#x646; &#x62B;&#x644;&#x627;&#x62B;&#x629; &#x641;&#x635;&#x648;&#x644;&#x60C; &#x628;&#x627;&#x644;&#x625;&#x636;&#x627;&#x641;&#x629; &#x625;&#x644;&#x649; &#x645;&#x644;&#x62E;&#x635; &#x648;&#x62E;&#x627;&#x62A;&#x645;&#x629; &#x628;&#x627;&#x644;&#x644;&#x63A;&#x62A;&#x64A;&#x646; &#x627;&#x644;&#x625;&#x646;&#x62C;&#x644;&#x64A;&#x632;&#x64A;&#x629; &#x648;&#x627;&#x644;&#x639;&#x631;&#x628;&#x64A;&#x629;. &#x64A;&#x639;&#x631;&#x636; &#x627;&#x644;&#x641;&#x635;&#x644; &#x627;&#x644;&#x623;&#x648;&#x644; &#x645;&#x642;&#x62F;&#x645;&#x629; &#x639;&#x627;&#x645;&#x629; &#x62A;&#x62A;&#x646;&#x627;&#x648;&#x644; &#x628;&#x625;&#x64A;&#x62C;&#x627;&#x632; &#x627;&#x644;&#x639;&#x644;&#x627;&#x642;&#x629; &#x628;&#x64A;&#x646; &#x645;&#x633;&#x62A;&#x642;&#x628;&#x644;&#x627;&#x62A; &#x627;&#x644;&#x62A;&#x64A;&#x631;&#x648;&#x632;&#x64A;&#x646; &#x643;&#x64A;&#x646;&#x627;&#x632; (RTKs) &#x648;&#x62A;&#x637;&#x648;&#x631; &#x627;&#x644;&#x633;&#x631;&#x637;&#x627;&#x646;&#x60C; &#x643;&#x645;&#x627; &#x64A;&#x633;&#x644;&#x651;&#x637; &#x627;&#x644;&#x636;&#x648;&#x621; &#x639;&#x644;&#x649; &#x627;&#x644;&#x62A;&#x623;&#x62B;&#x64A;&#x631; &#x627;&#x644;&#x648;&#x627;&#x639;&#x62F; &#x644;&#x645;&#x634;&#x62A;&#x642;&#x627;&#x62A; &#x627;&#x644;&#x628;&#x64A;&#x631;&#x627;&#x632;&#x648;&#x644; &#x643;&#x645;&#x62B;&#x628;&#x637;&#x627;&#x62A; &#x641;&#x639;&#x627;&#x644;&#x629; &#x644;&#x647;&#x630;&#x647; &#x627;&#x644;&#x645;&#x633;&#x62A;&#x642;&#x628;&#x644;&#x627;&#x62A;. &#x623;&#x645;&#x627; &#x627;&#x644;&#x641;&#x635;&#x644; &#x627;&#x644;&#x62B;&#x627;&#x646;&#x64A;&#x60C; &#x641;&#x647;&#x648; &#x645;&#x642;&#x627;&#x644; &#x645;&#x631;&#x62C;&#x639;&#x64A; &#x628;&#x639;&#x646;&#x648;&#x627;&#x646;: "&#x645;&#x646; &#x627;&#x644;&#x645;&#x62E;&#x62A;&#x628;&#x631; &#x625;&#x644;&#x649; &#x627;&#x644;&#x647;&#x62F;&#x641;: &#x627;&#x644;&#x628;&#x64A;&#x631;&#x627;&#x632;&#x648;&#x644;&#x60C; &#x627;&#x644;&#x628;&#x64A;&#x631;&#x627;&#x632;&#x648;&#x644;&#x64A;&#x646; &#x648;&#x645;&#x634;&#x62A;&#x642;&#x627;&#x62A; &#x627;&#x644;&#x628;&#x64A;&#x631;&#x627;&#x632;&#x648;&#x644; &#x627;&#x644;&#x645;&#x62F;&#x645;&#x62C;&#x629; &#x643;&#x645;&#x62B;&#x628;&#x637;&#x627;&#x62A; &#x644;&#x645;&#x633;&#x62A;&#x642;&#x628;&#x644;&#x627;&#x62A; &#x627;&#x644;&#x62A;&#x64A;&#x631;&#x648;&#x632;&#x64A;&#x646; &#x643;&#x64A;&#x646;&#x627;&#x632; &#x641;&#x64A; &#x639;&#x644;&#x627;&#x62C; &#x627;&#x644;&#x633;&#x631;&#x637;&#x627;&#x646;"&#x60C; &#x648;&#x64A;&#x62A;&#x646;&#x627;&#x648;&#x644; &#x647;&#x630;&#x627; &#x627;&#x644;&#x641;&#x635;&#x644; &#x627;&#x644;&#x62F;&#x631;&#x627;&#x633;&#x627;&#x62A; &#x627;&#x644;&#x62D;&#x62F;&#x64A;&#x62B;&#x629; &#x62D;&#x648;&#x644; &#x645;&#x634;&#x62A;&#x642;&#x627;&#x62A; &#x627;&#x644;&#x628;&#x64A;&#x631;&#x627;&#x632;&#x648;&#x644; &#x648;&#x627;&#x644;&#x645;&#x631;&#x643;&#x628;&#x627;&#x62A; &#x630;&#x627;&#x62A; &#x627;&#x644;&#x635;&#x644;&#x629; &#x627;&#x644;&#x645;&#x62B;&#x628;&#x637;&#x629; &#x644;&#x639;&#x62F;&#x629; &#x645;&#x633;&#x62A;&#x642;&#x628;&#x644;&#x627;&#x62A; &#x62A;&#x64A;&#x631;&#x648;&#x632;&#x64A;&#x646; &#x643;&#x64A;&#x646;&#x627;&#x632;&#x60C; &#x645;&#x639; &#x639;&#x631;&#x636; &#x644;&#x623;&#x646;&#x634;&#x637;&#x62A;&#x647;&#x627; &#x627;&#x644;&#x628;&#x64A;&#x648;&#x644;&#x648;&#x62C;&#x64A;&#x629;. &#x628;&#x627;&#x644;&#x625;&#x636;&#x627;&#x641;&#x629; &#x625;&#x644;&#x649; &#x62F;&#x631;&#x627;&#x633;&#x629; &#x627;&#x644;&#x639;&#x644;&#x627;&#x642;&#x629; &#x628;&#x64A;&#x646; &#x62A;&#x631;&#x643;&#x64A;&#x628; &#x627;&#x644;&#x645;&#x631;&#x643;&#x628;&#x627;&#x62A; &#x648;&#x645;&#x62F;&#x649; &#x641;&#x627;&#x639;&#x644;&#x64A;&#x62A;&#x647;&#x627; &#x648;&#x627;&#x644;&#x623;&#x633;&#x627;&#x644;&#x64A;&#x628; &#x627;&#x644;&#x645;&#x633;&#x62A;&#x62E;&#x62F;&#x645;&#x629; &#x641;&#x64A; &#x62A;&#x634;&#x64A;&#x64A;&#x62F;&#x647;&#x627;. &#x628;&#x64A;&#x646;&#x645;&#x627; &#x64A;&#x64F;&#x639;&#x62F; &#x627;&#x644;&#x641;&#x635;&#x644; &#x627;&#x644;&#x62B;&#x627;&#x644;&#x62B;&#x60C; &#x648;&#x647;&#x648; &#x645;&#x642;&#x627;&#x644; &#x628;&#x62D;&#x62B;&#x64A; &#x628;&#x639;&#x646;&#x648;&#x627;&#x646;: "&#x62A;&#x635;&#x645;&#x64A;&#x645;&#x60C; &#x62A;&#x634;&#x64A;&#x64A;&#x62F; &#x648;&#x62A;&#x642;&#x64A;&#x64A;&#x645; &#x627;&#x644;&#x646;&#x634;&#x627;&#x637; &#x627;&#x644;&#x628;&#x64A;&#x648;&#x644;&#x648;&#x62C;&#x64A; &#x644;&#x645;&#x634;&#x62A;&#x642;&#x627;&#x62A; &#x628;&#x64A;&#x631;&#x627;&#x632;&#x648;&#x644;&#x64A;&#x646; &#x62C;&#x62F;&#x64A;&#x62F;&#x629; &#x643;&#x645;&#x62B;&#x628;&#x637;&#x627;&#x62A; &#x645;&#x632;&#x62F;&#x648;&#x62C;&#x629; &#x644;&#x640; EGFR &#x648;VEGFR-2  &#x644;&#x627;&#x633;&#x62A;&#x647;&#x62F;&#x627;&#x641; &#x639;&#x644;&#x627;&#x62C; &#x627;&#x644;&#x633;&#x631;&#x637;&#x627;&#x646;"&#x60C; &#x641;&#x635;&#x644;&#x627;&#x64B; &#x639;&#x645;&#x644;&#x64A;&#x627;&#x64B; &#x64A;&#x635;&#x641; &#x62A;&#x635;&#x645;&#x64A;&#x645; &#x62A;&#x634;&#x64A;&#x64A;&#x62F; &#x645;&#x634;&#x62A;&#x642;&#x627;&#x62A; &#x628;&#x64A;&#x631;&#x627;&#x632;&#x648;&#x644;&#x64A;&#x646; &#x62C;&#x62F;&#x64A;&#x62F;&#x629; &#x62A;&#x647;&#x62F;&#x641; &#x625;&#x644;&#x649; &#x627;&#x644;&#x62A;&#x62B;&#x628;&#x64A;&#x637; &#x627;&#x644;&#x645;&#x62A;&#x632;&#x627;&#x645;&#x646; &#x644;&#x643;&#x644;&#x64D;&#x651; &#x645;&#x646; &#x645;&#x633;&#x62A;&#x642;&#x628;&#x644; &#x639;&#x627;&#x645;&#x644; &#x646;&#x645;&#x648; &#x627;&#x644;&#x628;&#x634;&#x631;&#x629; (EGFR) &#x648;&#x645;&#x633;&#x62A;&#x642;&#x628;&#x644; &#x639;&#x627;&#x645;&#x644; &#x646;&#x645;&#x648; &#x628;&#x637;&#x627;&#x646;&#x629; &#x627;&#x644;&#x627;&#x648;&#x639;&#x64A;&#x629; &#x627;&#x644;&#x62F;&#x645;&#x648;&#x64A;&#x629;-2 (VEGFR2).</subfield>
  </datafield>
  <datafield tag="530" ind1=" " ind2=" ">
    <subfield code="a">Issues also as CD.</subfield>
  </datafield>
  <datafield tag="546" ind1=" " ind2=" ">
    <subfield code="a">Text in English and abstract in Arabic &amp; English.</subfield>
  </datafield>
  <datafield tag="650" ind1=" " ind2="0">
    <subfield code="a">Drugs</subfield>
  </datafield>
  <datafield tag="650" ind1=" " ind2="0">
    <subfield code="a">&#x627;&#x644;&#x639;&#x642;&#x627;&#x642;&#x64A;&#x631;</subfield>
  </datafield>
  <datafield tag="653" ind1=" " ind2="1">
    <subfield code="a">Anticancer</subfield>
    <subfield code="a">Pyrazoline</subfield>
    <subfield code="a">Receptor tyrosine kinase</subfield>
    <subfield code="a">EGFR</subfield>
    <subfield code="a">VEGFR2</subfield>
    <subfield code="a">Dual inhibitor</subfield>
    <subfield code="a">&#x645;&#x636;&#x627;&#x62F; &#x644;&#x644;&#x633;&#x631;&#x637;&#x627;&#x646;</subfield>
    <subfield code="a">&#x628;&#x64A;&#x631;&#x627;&#x632;&#x648;&#x644;&#x64A;&#x646;</subfield>
  </datafield>
  <datafield tag="700" ind1="0" ind2=" ">
    <subfield code="a">Omneya Mahmoud Khalil</subfield>
    <subfield code="e">thesis advisor.</subfield>
  </datafield>
  <datafield tag="700" ind1="0" ind2=" ">
    <subfield code="a">Peter Amir Halim</subfield>
    <subfield code="e">thesis advisor.</subfield>
  </datafield>
  <datafield tag="700" ind1="0" ind2=" ">
    <subfield code="a">Marwa Sobhy Ahmed</subfield>
    <subfield code="e">thesis advisor.</subfield>
  </datafield>
  <datafield tag="900" ind1=" " ind2=" ">
    <subfield code="b">01-01-2025</subfield>
    <subfield code="c">Omneya Mahmoud Khalil</subfield>
    <subfield code="c">Peter Amir Halim</subfield>
    <subfield code="c">Marwa Sobhy Ahmed</subfield>
    <subfield code="U">Cairo University</subfield>
    <subfield code="F">Faculty of Pharmacy</subfield>
    <subfield code="D">Department of Pharmaceutical Organic Chemistry</subfield>
  </datafield>
  <datafield tag="905" ind1=" " ind2=" ">
    <subfield code="a">Shimaa</subfield>
  </datafield>
  <datafield tag="942" ind1=" " ind2=" ">
    <subfield code="2">ddc</subfield>
    <subfield code="c">TH</subfield>
    <subfield code="e">21</subfield>
    <subfield code="n">0</subfield>
  </datafield>
  <datafield tag="999" ind1=" " ind2=" ">
    <subfield code="c">179739</subfield>
  </datafield>
  <datafield tag="952" ind1=" " ind2=" ">
    <subfield code="2">ddc</subfield>
    <subfield code="9">317193</subfield>
    <subfield code="a">CUCL</subfield>
    <subfield code="b">cl210</subfield>
    <subfield code="d">2026-04-26</subfield>
    <subfield code="i">93874</subfield>
    <subfield code="o">Cai01.8.04.M.Sc.2025.Mi.D</subfield>
    <subfield code="p">01010110093874000</subfield>
    <subfield code="r">2026-04-26 13:14:10</subfield>
    <subfield code="w">2026-04-26</subfield>
    <subfield code="y">TH</subfield>
  </datafield>
</record>
